Thoái khỏi bẫy cảm xúc

Nội dung trình bày: Xin đừng quên tôi; Cạm bẫy không cố ý; Cạm bẫy nài ép; Cạm bẫy sự khủng khiếp; Cạm bẫy giá trị; Cạm bẫy trầm cảm; Cạm bẫy lo lắng; Cạm bẫy tức giận; Niềm vui thích và sự thỏa mãn; Tóm lược...

全面介紹

Đã lưu trong:
書目詳細資料
主要作者: Rutley, Daniel
其他作者: Tạ, Thanh Hải
格式: 圖書
語言:Undetermined
出版: H. Khoa học xã hội; Công ty Sách Alpha 2018
主題:
在線閱讀:http://lrc.tdmu.edu.vn/opac/search/detail.asp?aID=2&ID=35694
標簽: 添加標簽
沒有標簽, 成為第一個標記此記錄!
Thư viện lưu trữ: Trung tâm Học liệu Trường Đại học Thủ Dầu Một
LEADER 01051nam a2200217Ia 4500
001 TDMU_35694
008 210410s9999 xx 000 0 und d
082 |a 895.9223008 
090 |b R522 
100 |a Rutley, Daniel 
245 0 |a Thoái khỏi bẫy cảm xúc 
245 0 |c Daniel Rutley; Tạ Thanh Hải (dịch) 
260 |a H. 
260 |b Khoa học xã hội; Công ty Sách Alpha 
260 |c 2018 
300 |a 506tr. 
520 |a Nội dung trình bày: Xin đừng quên tôi; Cạm bẫy không cố ý; Cạm bẫy nài ép; Cạm bẫy sự khủng khiếp; Cạm bẫy giá trị; Cạm bẫy trầm cảm; Cạm bẫy lo lắng; Cạm bẫy tức giận; Niềm vui thích và sự thỏa mãn; Tóm lược 
650 |a Tâm lí học ứng dụng  |x Cảm xúc  |x Cuộc sống 
700 |a Tạ, Thanh Hải 
856 |u http://lrc.tdmu.edu.vn/opac/search/detail.asp?aID=2&ID=35694 
980 |a Trung tâm Học liệu Trường Đại học Thủ Dầu Một